ნორმალური ფორმატი
MARC ფორმატი
ჩანაწერი Personal Name
ჩანაწერთა რაოდენობა, რომელიც გამოყენებულია: 1
001 - CONTROL NUMBER
- control field: 23051
003 - CONTROL NUMBER IDENTIFIER
- control field: GE_BSU
005 - DATE AND TIME OF LATEST TRANSACTION
- control field: 20240802140723.0
008 - FIXED-LENGTH DATA ELEMENTS
- fixed length control field: 240802|| aca||aabn | a|a d
040 ## - CATALOGING SOURCE
- Original cataloging agency: GE_BSU
- Transcribing agency: GE_BSU
100 ## - HEADING--PERSONAL NAME
- Personal name: Harvey, Richard A.,
- Titles and other words associated with a name: Ph. D.
670 ## - SOURCE DATA FOUND
- Source citation: Work cat.: (GE_BSU): Harvey, Richard A., Ph. D., Lippincott's illustrated reviews: Biochemistry /, c2011.
